Atlas histórico de Chile
Guardat en:
| Autor corporatiu: | |
|---|---|
| Format: | Llibre |
| Idioma: | espanyol |
| Publicat: |
Santiago
Instituto Geográfico Militar
2009
|
| Edició: | 4a. ed |
| Matèries: | |
| Etiquetes: |
Afegir etiqueta
Sense etiquetes, Sigues el primer a etiquetar aquest registre!
|
MARC
| LEADER | 00000cam a2200000 a 4500 | ||
|---|---|---|---|
| 001 | UCG9628 | ||
| 003 | CL-VaPUC | ||
| 008 | 120323e20090000CL |||||||||||||||||spa|d | ||
| 020 | |a 9562020525 | ||
| 082 | 0 | 4 | |a 911.983 |b INS |2 21 |
| 110 | 2 | |a Instituto Geográfico Militar |e author |9 561252 | |
| 245 | 1 | 0 | |a Atlas histórico de Chile |
| 250 | |a 4a. ed | ||
| 300 | |a 32 p | ||
| 942 | |c BK | ||
| 945 | |d 20120323 00:00:00 |a dcastane | ||
| 260 | |a Santiago |b Instituto Geográfico Militar |c 2009 | ||
| 650 | 0 | |a Geografía física |9 259347 | |
| 650 | 0 | |a Geografía humana |9 267193 | |
| 650 | 0 | |a Atlas |9 260843 | |
| 583 | |a last modification |c 20120323 11:52:00 |k Rodrigo Vera | ||
| 999 | |c 347174 |d 347172 | ||